00837nam a2200241 a 450000100100000000500170001000800410002702000180006804000250008608200230011110000400013424500650017425000120023926000430025130000210029465000320031565000300034765000340037770000370041104900090044895201210045799900170057800002008120200929170246.0100720s2004 cu 000 0 spa d a9789590304156 aDO-SdBNPbspacBNPHU aN861.3bD218p 20041 aDarío, Rubén,d1867-191691553510aPoesía /cRubén Darío ; edición Dania Pérez Rubio. a3a. ed. aLa Habana :bArte y Literatura,c2004. a559 p. ;c23 cm. 4aPoesía nicaraguense98179 4aProsa nicaraguense914076 4aLiteratura nicaraguense981801 aPérez Rubio, Dania,eed.95482 aBNPD 001050718MOaGRbGRcCTd2010-07-20iLF1l0oN861.3 D218p 2004p20081-10r2020-06-25w2020-06-25y1ZNo se presta c19589d19589